[Event "GER-chT Betriebe 18th"]
[Site "Altenberg Zinnwald"]
[Date "2018.11.09"]
[Round "4.4"]
[White "Dankovic, Oliver"]
[Black "Bond, Oliver"]
[Result "0-1"]
[WhiteElo "1338"]
[BlackElo "1700"]
[PlyCount "110"]
[EventDate "2018.11.08"]
[EventType "team-swiss"]
[EventRounds "7"]
[EventCountry "GER"]
[SourceTitle "EXT 2020"]
[Source "ChessBase"]
[SourceDate "2019.10.17"]
[SourceVersion "1"]
[SourceVersionDate "2019.10.17"]
[SourceQuality "1"]
[WhiteTeam "Berlin Tempelhof IV"]
[BlackTeam "Ludwigsfelde Stern"]
[WhiteTeamCountry "GER"]
[BlackTeamCountry "GER"]

1. e4 c5 2. Nf3 d6 3. d4 cxd4 4. Nxd4 Bd7 5. Nc3 Nc6 6. Nxc6 bxc6 7. b3 g6 8. Bb2 Bg7 9. Rb1 Nf6 10. Bd3 0-0 11. 0-0 Qa5 12. e5 Qxe5 13. Ne4 Qa5 14. Nxf6+ Bxf6 15. Bxf6 exf6 16. a4 Be6 17. Qf3 Qc3 18. Rfe1 Kg7 19. Re3 Qc5 20. b4 Qb6 21. c4 d5 22. c5 Qc7 23. b5 cxb5 24. Rxb5 a6 25. Rb6 Qxc5 26. Rb1 Rab8 27. Qd1 d4 28. Re1 Rxb1 29. Qxb1 Qa5 30. Qa1 Bb3 31. Re4 Qxa4 32. Qxa4 Bxa4 33. Bxa6 Re8 34. Rxe8 Bxe8 35. f4 Bc6 36. Kf2 Kf8 37. g3 Ke7 38. Ke2 Kd6 39. Kd3 Kc5 40. Kc2 Be4+ 41. Kd2 g5 42. fxg5 fxg5 43. Be2 f5 44. Bd3 h5 45. Be2 h4 46. gxh4 gxh4 47. Bf1 f4 48. Ba6 Kd5 49. Bb7+ Ke5 50. Bc8 f3 51. Bh3 Kf4 52. Bc8 d3 53. Bd7 f2 54. Bh3 Bf5 55. Bf1 h3 0-1